00560nam a2200169Ia 450000500170000000800410001708200160005810000220007424500980009626000410019430000140023565000130024965000090026294200060027195200980027799900150037520240514050156.0240331s9999 xx 000 0 und d bMOLa331.62 aMoldrich, Donovan 0aBitter Berry Bondage :bthe nineteenth century coffee workers of Sri LankacDonovan, Moldrich aKandybCeylon printers limitedc1990 a207, p ., aEconomic alaws cL 001040708LaWERCLbWERCLcSSCd2024-03-31l0o 331.62 MOLp3583r2024-03-31w2024-03-31yL c2685d2685